| 000 | 00700cab a2200241 4500 | ||
|---|---|---|---|
| 001 | WB3119-25 | ||
| 008 | 090401t1995 xxu||||| |||| 00| 0 eng d | ||
| 035 | _a(Sirsi) u70578 | ||
| 041 | _aeng | ||
| 245 | _aPrivate mortgage insurance flaw | ||
| 260 | _c1995 | ||
| 350 | _a0 | ||
| 490 |
_aTimes _v19 May 1995, 24(1) |
||
| 520 | _aAccording to the Council of Mortgage Lenders (CML) many private mortgage insurance policies do not provide adequate cover for homeowners. | ||
| 650 | _aCML | ||
| 650 | _aINCOME SUPPORT | ||
| 650 | _aMORTGAGE ARREARS | ||
| 650 | _aPRIVATE MORTGAGE INSURANCE | ||
| 690 | _aHOUSING-FINANCE | ||
| 690 |
_aInsurance _96249 |
||
| 942 | _n0 | ||
| 948 | _c04/03/1997 | ||
| 999 |
_c44405 _d44405 |
||